Eastern Utah Libraries Catalog: Duchesne, Heber, Roosevelt, & Vernal

Inside fighter planes / (Record no. 305412)

MARC details
000 -LEADER
fixed length control field 01041nam a2200301 4500
001 - CONTROL NUMBER
control field 2021244
003 - CONTROL NUMBER IDENTIFIER
control field IlCrPQL
005 - DATE AND TIME OF LATEST TRANSACTION
control field 20200320210129.0
008 - FIXED-LENGTH DATA ELEMENTS--GENERAL INFORMATION
fixed length control field 180501
020 ## - INTERNATIONAL STANDARD BOOK NUMBER
International Standard Book Number 151243227X
020 ## - INTERNATIONAL STANDARD BOOK NUMBER
International Standard Book Number 9781512432275
040 ## - CATALOGING SOURCE
Transcribing agency IlCrPQL
082 14 - DEWEY DECIMAL CLASSIFICATION NUMBER
Classification number 623.7464
Edition number 23
100 1# - MAIN ENTRY--PERSONAL NAME
Personal name Oxlade, Chris.
9 (RLIN) 40308
245 10 - TITLE STATEMENT
Title Inside fighter planes /
Statement of responsibility, etc Chris Oxlade.
260 ## - PUBLICATION, DISTRIBUTION, ETC. (IMPRINT)
Place of publication, distribution, etc Minneapolis :
Name of publisher, distributor, etc Hungry Tomato,
Date of publication, distribution, etc 2018.
300 ## - PHYSICAL DESCRIPTION
Extent 32 p. :
Other physical details ill. (chiefly col.) ;
Dimensions 24 cm
521 2# - TARGET AUDIENCE NOTE
Target audience note 3456.
521 8# - TARGET AUDIENCE NOTE
Target audience note IG 1040
Source Lexile.
521 8# - TARGET AUDIENCE NOTE
Target audience note V
Source Fountas and Pinnell.
526 8# - STUDY PROGRAM INFORMATION NOTE
Program name Accelerated Reader AR
Reading level 6.4
Title point value 1.0
Public note 190196.
650 #7 - SUBJECT ADDED ENTRY--TOPICAL TERM
Topical term or geographic name as entry element Fighter planes.
Source of heading or term sears
9 (RLIN) 5959177
942 ## - ADDED ENTRY ELEMENTS (KOHA)
Koha item type BOOK
948 ## - LOCAL PROCESSING INFORMATION (OCLC); SERIES PART DESIGNATOR (RLIN)
Series part designator, SPT (RLIN) 12/12/2017
b (OCLC) 05/01/2018
z (OCLC) Sirsi
949 ## - LOCAL PROCESSING INFORMATION (OCLC)
h 623.746
i Oxl
9 19.99
996 ## -
-- 146991
-- 34301001519448
-- JNF
-- bk
-- wcl
-- i
-- 3
-- 16.95
-- rainbow
-- 623.74 Oxl
-- 12/26/2017
-- 05/28/2019
-- 04/29/2019
996 ## -
-- 146991
-- 34301001551201
-- JNF
-- bk
-- wcl
-- i
-- 1
-- 15.95
-- rainbow
-- 623.74 Oxl
-- 05/18/2018
-- 07/28/2018
-- 06/27/2018
Holdings
Withdrawn status Lost status Source of classification or shelving scheme Damaged status Not for loan Collection code Home library Current library Shelving location Date acquired Source of acquisition Cost, normal purchase price Total Checkouts Total Renewals Full call number Barcode Date last seen Date checked out Cost, replacement price Price effective from Koha item type Checked out
    Dewey Decimal Classification     Junior NonFiction Wasatch County Library Wasatch County Library Second Floor 05/18/2018   15.95 10 8 J 623.74 Oxl 34301001551201 03/04/2026 02/24/2026 15.95 03/20/2020 BOOK  
    Dewey Decimal Classification     Junior NonFiction Wasatch County Library Wasatch County Library Second Floor 12/26/2017   16.95 12 9 J 623.74 Oxl 34301001519448 02/24/2026 02/24/2026 16.95 03/20/2020 BOOK 04/25/2026
This project was made possible through a grant from the Institute of Museum and Library Service administered by the Utah State Library Division.

Wasatch County Library

  • 465 East 1200 South, Heber City, Utah 84032
  • Phone 435-654-1511 | Fax 435-654-6456

Hours

  • Monday - Friday 9:30 AM - 8:00 PM
  • Saturday 9:30 AM - 1:30 PM
  • Closed Sundays and Holidays